|
|
|
|
| LEADER |
00000nam0a2200000 4500 |
| 001 |
192787 |
| 005 |
20231101224436.0 |
| 010 |
|
|
|a 9785811411634
|
| 035 |
|
|
|a (RuTPU)RU\TPU\book\210217
|
| 090 |
|
|
|a 192787
|
| 100 |
|
|
|a 20110309d2011 m y0rusy50 ca
|
| 101 |
0 |
|
|a rus
|
| 102 |
|
|
|a RU
|
| 105 |
|
|
|a a j 001zy
|
| 200 |
1 |
|
|a Начертательная геометрия. Задачи и решения
|e учебное пособие
|f А. Н. Лызлов, М. В. Ракитская, Д. Е. Тихонов-Бугров
|
| 210 |
|
|
|a СПб.
|c Лань
|d 2011
|
| 215 |
|
|
|a 88 с.
|c ил.
|
| 225 |
1 |
|
|a Учебники для вузов. Специальная литература
|
| 320 |
|
|
|a Библиогр.: с. 86.
|
| 330 |
|
|
|a В сборник включены задачи различной сложности, в том числе на композицию, а также методические указания по решению прикладных задач. Цель издания — обеспечить современные учебно-методические комплексы дополнительными материалами для эффективного осуществления гибкого подхода к обучению с учетом неоднородности студенческой аудитории по уровню способностей и базовой подготовки. Учебное пособие предназначено для студентов вузов, обучающихся по техническим направлениям подготовки (специальностям).
|
| 606 |
1 |
|
|a Начертательная геометрия
|2 stltpush
|3 (RuTPU)RU\TPU\subj\45211
|9 64468
|
| 610 |
1 |
|
|a задачи
|
| 610 |
1 |
|
|a решения
|
| 610 |
1 |
|
|a точки
|
| 610 |
1 |
|
|a примеры
|
| 610 |
1 |
|
|a плоскости
|
| 610 |
1 |
|
|a сферы
|
| 610 |
1 |
|
|a конусы
|
| 610 |
1 |
|
|a цилиндры
|
| 610 |
1 |
|
|a касательные
|
| 610 |
1 |
|
|a развертка
|
| 610 |
1 |
|
|a учебные пособия
|
| 675 |
|
|
|a 514.18(076)
|v 3
|
| 700 |
|
1 |
|a Лызлов
|b А. Н.
|g Александр Николаевич
|
| 701 |
|
1 |
|a Ракитская
|b М. В.
|g Мария Валентиновна
|
| 701 |
|
1 |
|a Тихонов-Бугров
|b Д. Е.
|g Дмитрий Евгеньевич
|
| 801 |
|
1 |
|a RU
|b 63413507
|c 20110309
|
| 801 |
|
2 |
|a RU
|b 63413507
|c 20150506
|g RCR
|
| 900 |
|
|
|a Начертательная геометрия. Инженерная графика
|
| 942 |
|
|
|c BK
|
| 959 |
|
|
|a 29/20110303
|d 2
|e 0
|f ЧЗТЛ:1
|f АНЛ:1
|
| 959 |
|
|
|a 66/20110708
|d 2
|e 130,02
|f ЧЗТЛ:1
|f АНЛ:1
|